00389 a2200121 4500020001800000050001900018100002500037245007200062264005200134300001000186500005000196650002100246 a9781438459400 aJC571 MUT 2016 aMutua, Makaueauthor aHuman rights standards :bHegemony, law and politics/cMakau, Mutua aNew York :bState University of New York,c2016 a243p. aIncludes bibliographical references and index aHuman rights law